Normal view
MARC view
Entry Personal Name
001 - CONTROL NUMBER
- control field: 72941
003 - CONTROL NUMBER IDENTIFIER
- control field: dpl
005 - DATE AND TIME OF LATEST TRANSACTION
- control field: 20241018110320.0
008 - FIXED-LENGTH DATA ELEMENTS
- fixed length control field: 241018|| aca||aabn | a|a d
040 ## - CATALOGING SOURCE
- Original cataloging agency: dpl
- Transcribing agency: dpl
100 ## - HEADING--PERSONAL NAME
- Personal name: K. Srinath Reddy
670 ## - SOURCE DATA FOUND
- Source citation: Work cat.: (dpl)206478: Climate Change And The Health Sector Healing The World/, 2022
